000
00354nam a2200133Ia 4500
008
151001s9999||||xx |||||||||||||| ||und||
100
_a
ग दि माडगुळकर
245
_a
बोलका शंख
250
_a
1
260
_b
ललित साहित्य प्रकाशन
260
_c
1960
300
_a
160
365
_b
7
999
_c
951569
_d
951566